(इक्कीस) 21कहानियां / (Record no. 52872)

MARC details
000 -LEADER
fixed length control field 02632nam a22003617a 4500
005 - DATE AND TIME OF LATEST TRANSACTION
control field 20120404161112.0
008 - FIXED-LENGTH DATA ELEMENTS--GENERAL INFORMATION
fixed length control field 110608t xxu||||| |||| 00| 0 hin d
010 ## - LCCN (DPL NO)
LC control number HIN-92910 B-459580-584
020 ## - INTERNATIONAL STANDARD BOOK NUMBER
Terms of availability 250.00
International Standard Book Number 8188381616
035 ## - SYSTEM CONTROL NUMBER
System control number HN-65256 B-459580-584
037 ## - SOURCE OF ACQUISITION
Source of stock number/acquisition DBAD / PUB
037 ## - SOURCE OF ACQUISITION
Source of stock number/acquisition के. के. पब्लिकेशंस
040 ## - CATALOGING SOURCE
Original cataloging agency DPL
Language of cataloging HN
082 ## - DEWEY DECIMAL CLASSIFICATION NUMBER
Classification number
100 ## - MAIN ENTRY--PERSONAL NAME
9 (RLIN) 28442
Personal name टैगोर, रविंद्रनाथ
245 ## - TITLE STATEMENT
Title (इक्कीस) 21कहानियां /
Statement of responsibility, etc रविंद्रनाथ टैगोर
246 ## - VARYING FORM OF TITLE
Title proper/short title 21 Kahaniyan
Remainder of title by Ravindernath Tagore
260 ## - PUBLICATION, DISTRIBUTION, ETC. (IMPRINT)
Place of publication, distribution, etc दिल्ली
Name of publisher, distributor, etc नीरज बुक सेंटर
Date of publication, distribution, etc 2010
270 ## - ADDRESS
Address सी-32, आर्यानगर सोसायटी
City दिल्ली
Postal code 110092
300 ## - PHYSICAL DESCRIPTION
Extent 183 पृ
Dimensions 22सेमी (सजिल्द)
650 ## - SUBJECT ADDED ENTRY--TOPICAL TERM
9 (RLIN) 28443
Topical term or geographic name as entry element लघु कथाएँ, हिन्दी
650 ## - SUBJECT ADDED ENTRY--TOPICAL TERM
9 (RLIN) 28455
Topical term or geographic name as entry element Short Stories, Hindi
700 ## - ADDED ENTRY--PERSONAL NAME
9 (RLIN) 28521
700 ## - ADDED ENTRY--PERSONAL NAME
9 (RLIN) 28536
942 ## - ADDED ENTRY ELEMENTS (KOHA)
Institution code [OBSOLETE] dpl
Item type Hindi Books
Source of classification or shelving scheme Dewey Decimal Classification
Call number suffix टैगोर
Classification part
Holdings
Withdrawn status Lost status Source of classification or shelving scheme Damaged status Not for loan Collection code Home library Current library Date acquired Source of acquisition Cost, normal purchase price Total Checkouts Full call number Barcode Date last seen Copy number Cost, replacement price Koha item type Public note Total Renewals
    Dewey Decimal Classification     Fiction Ashok Vihar Ashok Vihar 14/06/2011 DBAD / PUB 250.00   क टैगोर HN-65256 14/06/2011 1 250.00 Hindi Books    
    Dewey Decimal Classification     Fiction Central Library Central Library 04/04/2012 के.के. पब्लिकेशंस/1541/26.12.11/13/12.12.11/8.2.12 250.00   क टैगोर B-459580 04/04/2012 1 250.00 Hindi Books    
    Dewey Decimal Classification     Fiction Karol Bagh Karol Bagh 04/04/2012 के.के. पब्लिकेशंस/1541/26.12.11/13/12.12.11/8.2.12 250.00   क टैगोर B-459583 04/04/2012 1 250.00 Hindi Books    
  Lost and Paid For Dewey Decimal Classification     Fiction Patel Nagar Patel Nagar 04/04/2012 के.के. पब्लिकेशंस/1541/26.12.11/13/12.12.11/8.2.12 250.00   क टैगोर B-459581 13/05/2017 1 250.00 Hindi Books    
    Dewey Decimal Classification     Fiction Sarojini Nagar Sarojini Nagar 04/04/2012 के.के. पब्लिकेशंस/1541/26.12.11/13/12.12.11/8.2.12 250.00 2 क टैगोर B-459582 11/11/2019 1 250.00 Hindi Books Withdrawn List Prepared L.No.51/24  
    Dewey Decimal Classification     Fiction Shahdara Branch Shahdara Branch 04/04/2012 के.के. पब्लिकेशंस/1541/26.12.11/13/12.12.11/8.2.12 250.00 1 क टैगोर B-459584 11/01/2025 1 250.00 Hindi Books   2

© Delhi Public Library
Hit Counter
free hit counter